000 00525nam a2200169 a 4500
001 000021476
005 20200930011336.0
008 100908s1989 dr 000 0 spa d
040 _aDO-SdBNP
_bspa
_cBNPHU
082 _axxx
_bA346a
100 1 _aAlcalá Padilla, Roberto,
_d1958-
_944786
245 1 0 _aAventura de un viaje ilegal /
_cRoberto Alcalá Padilla.
260 _aSanto Domingo :
_bBúho,
_c1989.
300 _a77 p. ;
_c21 cm.
500 _aIncluye datos biográficos del autor en la contracubierta
049 _aBNPD
999 _c20976
_d20976